| 000 | 00000nam##2200000za#4500 |
| 001 | 9.697965 |
| 003 | CaOODSP |
| 005 | 20210624235721 |
| 007 | cr ||||||||||| |
| 008 | 150407|2011||||xxc|||||o f|0| 0 eng|d |
| 040 | |aCaOODSP|beng |
| 043 | |an-cn--- |
| 086 | 1 |aCi34-4/2011E-PDF |
| 110 | 1 |aCanada. |bCitizenship and Immigration Canada. |
| 245 | 10|aEvaluation of the Host Program / |h[electronic resource]|c[issued by] Evaluation Division. |
| 260 | |aOttawa - Ontario : |bCitizenship and Immigration Canada |cSeptember 2010. |
| 300 | |a80p.|bcoloured figs., tables |
| 500 | |aThe catalogue number (Ci34-4/2011E) and ISBN (978-100-17647-0) for the print edition have been incorrectly copied in this electronic publication. |
| 504 | |aBibliography. |
| 590 | |a13-15-Supp|b2013-06-24 |
| 690 | 07|aImmigration|2gcpds |
| 690 | 07|aProgram assessment|2gcpds |
| 775 | 08|tÉvaluation du Programme d'accueil / |w(CaOODSP)9.641958 |
| 856 | 40|ahttp://publications.gc.ca|qPDF|s1.13 MB|uhttps://publications.gc.ca/collections/collection_2013/cic/Ci34-4-2011-eng.pdf |
| 986 | |aER201103.03E |